Separát štatistickej ročenky školstva SR 2019 ostatné výchovno-vzdelávacie zariadenia

Enregistré dans:
Détails bibliographiques
Format: Livre
Langue:slovaque
Publié: Bratislava Centrum vedecko-technických informácií SR 2020
Sujets:
Tags: Ajouter un tag
Pas de tags, Soyez le premier à ajouter un tag!

MARC

LEADER 00000nam a2200000 4500
001 0266964
005 20251212071813.5
041 0 |a slo 
044 |a SK 
245 1 0 |a Separát štatistickej ročenky školstva SR 2019  |b ostatné výchovno-vzdelávacie zariadenia 
264 1 |a Bratislava  |b Centrum vedecko-technických informácií SR  |c 2020 
300 |a 93 s. 
610 2 0 |a Slovensko 
610 2 0 |a školstvo 
610 2 0 |a zariadenia výchovné 
610 2 0 |a zariadenia školské 
610 2 0 |a zariadenia mimoškolské